Reingeniería en la gerencia. Cómo modificar el trabajo gerencial para rediseñar con éxito.
I tiakina i:
| Kaituhi matua: | |
|---|---|
| Hōputu: | Pukapuka |
| Reo: | Pāniora |
| I whakaputaina: |
Bogotá, Colombia
Norma,
1995.
|
| Ngā marau: | |
| Ngā Tūtohu: |
Tāpirihia he Tūtohu
Kāore He Tūtohu, Me noho koe te mea tuatahi ki te tūtohu i tēnei pūkete!
|
MARC
| LEADER | 00000nam a2200000 a 4500 | ||
|---|---|---|---|
| 001 | UCU4980 | ||
| 003 | CL-VaPUC | ||
| 005 | 20240130125945.0 | ||
| 008 | 960531e19950000CK |||||||||||||||||spa|d | ||
| 999 | |c 248502 |d 248500 | ||
| 040 | |c Pontificia Universidad Católica de Valparaíso | ||
| 082 | 0 | 4 | |a 658.406 CHA 1995 |2 21 |
| 100 | 0 | |a Champy, James |e autor |9 362818 | |
| 245 | 1 | 0 | |a Reingeniería en la gerencia. |b Cómo modificar el trabajo gerencial para rediseñar con éxito. |
| 260 | |a Bogotá, Colombia |b Norma, |c 1995. | ||
| 300 | |a 244 páginas. | ||
| 500 | |a c.2. Donación Sr. Guillermo Bustos - Esc. Ingeniería Industrial. MEMO EII Nº02 / 2024- 25-01-2024 | ||
| 583 | |a last modification |c 19960531 00:00:00 |k Rodrigo Vera | ||
| 650 | 0 | |a Reingeniería |9 344366 | |
| 650 | 0 | |a Administración |9 259325 | |
| 650 | 0 | |a Cambio organizacional |9 260741 | |
| 650 | 0 | |a Empresas |9 255569 | |
| 942 | |c BK |2 ddc | ||
| 945 | |d 19960531 00:00:00 |a rleighto | ||
| 952 | |0 0 |1 0 |4 0 |6 658_406000000000000_CHA_1995 |7 0 |8 A |9 265167 |a BIBENE |b BIBENE |d 2019-11-19 |i 3206033 |o 658.406 CHA 1995 |p 3206033 |r 2025-01-15 |w 2019-11-19 |y BK |k ICO | ||
| 952 | |0 0 |1 0 |2 ddc |4 0 |6 658_406000000000000_CHA_1995 |7 0 |8 A |9 593473 |a BIBING |b BIBING |c GEN |d 2024-01-30 |e Donación |i 5660208 |o 658.406 CHA 1995 |p 5660208 |r 2025-01-20 |t 2 |w 2024-01-30 |y BK |k EII | ||